|
|
|
|
| LEADER |
01104nas a22003011 4500 |
| 001 |
c000167844 |
| 003 |
CARM |
| 005 |
20030409205418.0 |
| 008 |
900504u19529999ja uu|p| |||| 0 |0eng|d |
| 019 |
1 |
|
|a 24550168
|5 LACONCORD2021
|
| 035 |
|
|
|a (OCoLC)223522865
|5 LACONCORD2021
|
| 040 |
|
|
|a VU
|b eng
|c SAZTEC
|d VU
|
| 041 |
0 |
|
|a engjpn
|
| 245 |
0 |
0 |
|a Nagaoa. :
|b Mycological journal of Nagao Institute.
|
| 246 |
1 |
0 |
|a Mycological journal of Nagao Institute.
|
| 260 |
|
|
|a Kitasinagawa, Tokyo.
|
| 300 |
|
|
|a nos. :
|b illus., tables. ;
|c 26 cm.
|
| 362 |
0 |
|
|a no. 1- May 1952-
|
| 546 |
|
|
|a Title in English and Japanese; text in English or Japanese.
|
| 650 |
|
0 |
|a Microorganisms
|x Periodicals.
|
| 650 |
|
0 |
|a Fungi
|x Periodicals.
|
| 710 |
1 |
|
|a Tokyo.
|b Nagao Institute.
|
| 710 |
1 |
|
|a Nagao, Kinya.
|
| 852 |
8 |
|
|b CARM
|h A2:AN27F0
|i C06029
|p 0226898
|f SE
|
| 866 |
|
0 |
|a 1(1952)-7(1960)
|
| 866 |
|
|
|a 1(1952)-7(1960)
|
| 999 |
f |
f |
|i 6fc22c3f-1155-5dc2-bdc1-334b2c1507fd
|s 282d7a6e-c1f4-58f7-8f54-23e9317b9df7
|
| 952 |
f |
f |
|p Can circulate
|a CAVAL
|b CAVAL
|c CAVAL
|d CARM 1 Store
|e C06029
|f A2:AN27F0
|h Other scheme
|i book
|k 1(1952)-7(1960)
|m 0226898
|